<?xml version="1.0" encoding="UTF-8"?>
<resp>
  <nextPage>https://data.bn.org.pl/api/networks/bibs.marcxml?marc=001+b00001150002417&amp;sinceId=1150002418</nextPage>
  <collection>
    <record xmlns='http://www.loc.gov/MARC21/slim'><leader>01246namZa2200349ZiZ4500</leader><controlfield tag='001'>b00001150002417</controlfield><controlfield tag='005'>20241203215450.7</controlfield><controlfield tag='008'>230609s        pl           |000 0 pol c</controlfield><controlfield tag='009'>9913262288405606</controlfield><datafield ind1=' ' ind2=' ' tag='020'><subfield code='a'>838766507X (cz. 2, &quot;eMPi~)2&quot;)</subfield></datafield><datafield ind1=' ' ind2=' ' tag='020'><subfield code='a'>8387665053 (całość)</subfield></datafield><datafield ind1=' ' ind2=' ' tag='035'><subfield code='a'>KR_1KR_1_20120317224907095970-48omnis_kr</subfield></datafield><datafield ind1=' ' ind2=' ' tag='035'><subfield code='a'>KR_1_20120317224907095970</subfield><subfield code='9'>ExL</subfield></datafield><datafield ind1=' ' ind2=' ' tag='035'><subfield code='a'>(PL)b00001150002417</subfield></datafield><datafield ind1=' ' ind2=' ' tag='040'><subfield code='a'>KR_1</subfield><subfield code='c'>KR_1</subfield></datafield><datafield ind1='0' ind2=' ' tag='041'><subfield code='a'>pol</subfield></datafield><datafield ind1='1' ind2=' ' tag='100'><subfield code='a'>Urbaniak, Piotr</subfield></datafield><datafield ind1='1' ind2='0' tag='245'><subfield code='a'>Podstawy ekonomii. Cz. 2, Makroekonomia /</subfield><subfield code='c'>Piotr Urbaniak.</subfield></datafield><datafield ind1=' ' ind2=' ' tag='250'><subfield code='a'>Wyd. 4.</subfield></datafield><datafield ind1=' ' ind2=' ' tag='260'><subfield code='a'>Poznań :</subfield><subfield code='b'>&quot;eMPi~)2&quot; :</subfield><subfield code='b'>we współpr. z Dyrektorem Zespołu Szkół Ekonomicznych im. Jana Amosa Komeńskiego w Lesznie,</subfield><subfield code='c'>1996.</subfield></datafield><datafield ind1=' ' ind2=' ' tag='300'><subfield code='a'>156 s. :</subfield><subfield code='b'>wykr. ;</subfield><subfield code='c'>24 cm.</subfield></datafield><datafield ind1='1' ind2=' ' tag='490'><subfield code='a'>Materiały i Podręczniki Mariana Pietraszewskiego</subfield></datafield><datafield ind1=' ' ind2=' ' tag='500'><subfield code='a'>n</subfield></datafield><datafield ind1=' ' ind2=' ' tag='504'><subfield code='a'>Bibliogr. s. 156-[157].</subfield></datafield><datafield ind1=' ' ind2=' ' tag='521'><subfield code='a'>Podręcznik dla liceów ekonomicznych.</subfield></datafield><datafield ind1=' ' ind2='9' tag='650'><subfield code='a'>Makroekonomia</subfield><subfield code='v'>podręcznik dla szkół zawodowych</subfield></datafield><datafield ind1=' ' ind2=' ' tag='852'><subfield code='b'>48OMNIS_NETWORK</subfield><subfield code='8'>9913262288405606</subfield></datafield><datafield ind1=' ' ind2=' ' tag='852'><subfield code='b'>48OMNIS_KR</subfield><subfield code='8'>991000024169708216</subfield></datafield><datafield ind1=' ' ind2=' ' tag='920'><subfield code='a'>83-87665-07-X (cz. 2, &quot;eMPi~)2&quot;)</subfield></datafield><datafield ind1=' ' ind2=' ' tag='920'><subfield code='a'>83-87665-05-3 (całość)</subfield></datafield></record>
  </collection>
</resp>
